Pink Floyd Alben Quiz - Statistiken

Allgemein
  • Dieses Quiz wurde 48 mal gespielt
  • Das Durchschnittsergebnis liegt bei 8 aus 13
Antwortstatistiken
Hint Antwort % Korrekt
1973 The Dark Side of the Moon
98%
1979 The Wall
95%
1975 Whish You Were Here
88%
1977 Animals
79%
1971 Meddle
67%
1970 Atom Heart Mother
56%
1994 The Division Bell
56%
1983 The Final Cut
53%
1969 Ummagumma
47%
2014 The Endless River
44%
1987 A Momentary Lapse of Reason
37%
1968 A Saucerful of Secrets
37%
1967 The Piper and the Gates of Dawn
2%
Keine übereinstimmenden Quizze gefunden
Verteilung der Resultate
Anzahl Personen mit jedem Resultat
Perzentil nach korrekt beantworteten Fragen
Ihre Resultats-Entwicklung
Sie haben dieses Quiz noch nicht gespielt